Statistics for Going around North America - Cities

Click here to take the quiz!

General Stats

  • This quiz has been taken 8 times
  • The average score is 11 of 27

Answer Stats

Answer % Correct
Panama City
100%
Seattle
57%
New Orleans
57%
Tampa
57%
Miami
57%
New York City
57%
Boston
57%
Vancouver
57%
San Francisco
57%
San Diego
57%
Halifax
43%
Tijuana
43%
Virginia Beach
43%
Baltimore
43%
Los Angeles
43%
Acapulco
43%
Long Beach
29%
Jacksonville
29%
Houston
29%
Veracruz
29%
Cancun
29%
Santa Ana
14%
Oakland
14%
Corpus Christi
14%
San Jose
0%
Surrey
0%
Mazatlan
0%

Score Distribution

Percentile by Number Answered

Percent of People with Each Score

Your Score History

You have not taken this quiz